RICS Building Surveying Professional Group Board (Record no. 115628)
[ view plain ]
| 000 -LEADER | |
|---|---|
| fixed length control field | 01401cad a22002415a 4500 |
| 001 - CONTROL NUMBER | |
| control field | L159013 |
| 008 - FIXED-LENGTH DATA ELEMENTS--GENERAL INFORMATION | |
| fixed length control field | 131031s2015 xxk f f 001 0 eng d |
| 035 ## - SYSTEM CONTROL NUMBER | |
| System control number | (Sirsi) u159013 |
| 041 0# - LANGUAGE CODE | |
| Language code of text/sound track or separate title | eng |
| 050 04 - LIBRARY OF CONGRESS CALL NUMBER | |
| -- | 18 |
| 110 2# - MAIN ENTRY--CORPORATE NAME | |
| Corporate name or jurisdiction name as entry element | Royal Institution of Chartered Surveyors |
| 9 (RLIN) | 4900 |
| 245 00 - TITLE STATEMENT | |
| Title | RICS Building Surveying Professional Group Board |
| Remainder of title | Business plan 2016-2019 |
| Medium | [electronic resource] |
| 260 ## - PUBLICATION, DISTRIBUTION, ETC. | |
| Place of publication, distribution, etc. | London |
| Name of publisher, distributor, etc. | RICS |
| Date of publication, distribution, etc. | 2015 |
| 300 ## - PHYSICAL DESCRIPTION | |
| Extent | 10 p. |
| 490 #0 - SERIES STATEMENT | |
| Series statement | RICS Building Surveying Professional Group |
| 505 2# - FORMATTED CONTENTS NOTE | |
| Formatted contents note | Introduction -- UK building surveying professional group board vision for the next free years -- business plan delivery 2016 - 2019 -- Principle objectives 2016 - 2019 -- Strategic risk analysis -- Executive conclusion |
| 520 ## - SUMMARY, ETC. | |
| Summary, etc. | Incorporates the key drivers which forms the RICS focus and vision, which is ?to be recognised in the key worldwide markets as the body that promotes and enforces professional standards and offers access to the most sought-after professional status?. In addition, the Board?s business plan focuses on key issues which matter to its members and their own regional markets, which are predominantly UK. |
| 650 24 - SUBJECT ADDED ENTRY--TOPICAL TERM | |
| Topical term or geographic name entry element | ABOUT RICS |
| 651 #4 - SUBJECT ADDED ENTRY--GEOGRAPHIC NAME | |
| Geographic name | United Kingdom |
| 690 ## - LOCAL SUBJECT ADDED ENTRY--TOPICAL TERM (OCLC, RLIN) | |
| Topical term or geographic name as entry element | Building surveying |
| 9 (RLIN) | 6225 |
| 856 41 - ELECTRONIC LOCATION AND ACCESS | |
| Uniform Resource Identifier | <a href="https://www.rics.org/Documents/BS%20Business%20Plan%20-%20Final%20Draft.pdf">https://www.rics.org/Documents/BS%20Business%20Plan%20-%20Final%20Draft.pdf</a> |
| Public note | View this item free of charge at www.rics.org |
| 942 ## - ADDED ENTRY ELEMENTS (KOHA) | |
| Suppress in OPAC | 0 |
| Withdrawn status | Lost status | Source of classification or shelving scheme | Damaged status | Not for loan | Home library | Current library | Shelving location | Date acquired | Total Checkouts | Full call number | Barcode | Date last seen | Copy number | Price effective from | Koha item type |
|---|---|---|---|---|---|---|---|---|---|---|---|---|---|---|---|
| Dewey Decimal Classification | Virtual | Virtual | Online | 08/12/2015 | ONLINE PUBLICATION | 159013-2001 | 06/08/2019 | 1 | 06/08/2019 | Book |